000 00575nam a22001817a 4500
003 OSt
005 20260312064455.0
008 260312b |||||||| |||| 00| 0 eng d
020 _a971-8816-28-3.
040 _aDWCL Main lib
_cOC
082 _2New ed.
_aFil. 268 C28 2004
100 _aECCCE/Word & Life Publications
245 _aCatechism for Filipino Catholics New Ed.
_cECCCE/Word & Life Publications
250 _aNew ed.
260 _aManila :
_bECCCE/Word & Life Publications,
_cc2004.
300 _axxx, 705 p. ;
_c24 cm.
942 _2ddc
_cBK - FIL
_eNew ed.
_kFil.
_n0
999 _c9049
_d9049